| 000 | 00980cam a2200337 4500 | ||
|---|---|---|---|
| 001 | ABS63132 | ||
| 008 | 000000n2000 000 0 eng u | ||
| 035 | _a(Sirsi) u109594 | ||
| 245 | _aFocus 2000: Ireland | ||
| 260 | _c2000 | ||
| 490 |
_aEstates Gazette _v(0045) 11 November 2000, 103-155(22) |
||
| 590 | _aABS | ||
| 650 | _aIRELAND | ||
| 650 | _aREPUBLIC OF IRELAND | ||
| 650 | _aNORTHERN IRELAND | ||
| 650 | _aDUBLIN | ||
| 650 | _aBELFAST | ||
| 650 | _aCORK | ||
| 650 | _aPROPERTY-COMMERCIAL PROPERTY-OFFICE PROPERTY-OFFICE PROPERTY MARKET | ||
| 650 | _aINDUSTRIAL MARKET | ||
| 650 | _aPROPERTY-COMMERCIAL PROPERTY-RETAIL PROPERTY-RETAIL PROPERTY MARKET | ||
| 650 | _aLEISURE MARKET | ||
| 650 | _aINVESTMENT MARKET | ||
| 650 | _aINTERNATIONAL INVESTORS | ||
| 650 | _aRENTS | ||
| 650 | _aOFFICE SPACE | ||
| 650 | _aRETAIL SPACE | ||
| 650 | _aINDUSTRIAL SPACE | ||
| 690 | _aPROPERTY-COMMERCIAL PROPERTY-COMMERCIAL PROPERTY MARKET | ||
| 942 | _n0 | ||
| 999 |
_c65424 _d65424 |
||